[Event "Quebec Montcalm op 5th"]
[Site "Quebec"]
[Date "2006.02.23"]
[Round "2"]
[White "L'Heureux, Clement"]
[Black "Guay, Etienne"]
[Result "1-0"]
[WhiteElo "1927"]
[BlackElo "1541"]
[PlyCount "81"]
[EventDate "2006.02.16"]
[EventType "swiss"]
[EventRounds "5"]
[EventCountry "CAN"]
[SourceTitle "EXT 2007"]
[Source "ChessBase"]
[SourceDate "2006.11.23"]
[SourceVersion "1"]
[SourceVersionDate "2006.11.23"]
[SourceQuality "1"]

1. d4 Nf6 2. Nc3 d5 3. Bg5 Nbd7 4. Qd3 h6 5. Bh4 e6 6. Nf3 Be7 7. e4 dxe4 8. Nxe4 b6 9. 0-0-0 Bb7 10. Nxf6+ Bxf6 11. Bxf6 Qxf6 12. Qe3 0-0 13. Bd3 c5 14. Ne5 Nxe5 15. dxe5 Qe7 16. Be4 Bxe4 17. Qxe4 Rfd8 18. f4 Rac8 19. b3 Rc7 20. Rxd8+ Qxd8 21. Rd1 Rd7 22. Rxd7 Qxd7 23. Qa8+ Kh7 24. Qe4+ Kh8 25. c4 g6 26. Kc2 Kg7 27. g3 h5 28. h3 Qe7 29. Qd3 g5 30. Qd6 Qxd6 31. exd6 Kf8 32. fxg5 Ke8 33. Kd3 Kd7 34. Ke4 Kxd6 35. h4 e5 36. Kf5 a6 37. a3 b5 38. a4 bxa4 39. bxa4 a5 40. g4 hxg4 41. Kxg4 1-0

[Event "Quebec Montcalm op 1st"]
[Site "Quebec"]
[Date "2005.??.??"]
[Round "1"]
[White "Guay, Etienne"]
[Black "Auger, Bertrand"]
[Result "1/2-1/2"]
[WhiteElo "1526"]
[BlackElo "2016"]
[PlyCount "130"]
[EventDate "2005.09.25"]
[EventType "swiss"]
[EventRounds "5"]
[EventCountry "CAN"]
[SourceTitle "EXT 2007"]
[Source "ChessBase"]
[SourceDate "2006.11.23"]
[SourceVersion "1"]
[SourceVersionDate "2006.11.23"]
[SourceQuality "1"]

1. e4 e6 2. d4 d5 3. Nc3 Bb4 4. e5 Ne7 5. a3 Bxc3+ 6. bxc3 c5 7. a4 Qa5 8. Bb5+ Bd7 9. Bxd7+ Nxd7 10. Bd2 c4 11. Qg4 0-0 12. Ne2 f5 13. exf6 Rxf6 14. 0-0 Rg6 15. Qh3 Nf8 16. Rfb1 Qc7 17. Bf4 Qd7 18. a5 Re8 19. Ra2 Nc6 20. Bg3 e5 21. Qxd7 Nxd7 22. Rxb7 exd4 23. Rxd7 Rxe2 24. Ra1 d3 25. cxd3 cxd3 26. Kf1 Rge6 27. Rxd5 d2 28. f3 Ne7 29. Rd8+ Kf7 30. Rd1 Nc6 31. Rd7+ Kf8 32. a6 R2e3 33. R7xd2 Rxc3 34. Bd6+ Kf7 35. Rb2 h5 36. Rb7+ Kg8 37. Bb8 Rc2 38. Re1 Rg6 39. Bg3 Ra2 40. Re8+ Kh7 41. Rb5 Ra1+ 42. Re1 Rxe1+ 43. Bxe1 Re6 44. Rxh5+ Kg6 45. Rd5 Nb8 46. Bg3 Nxa6 47. Rd6 Kf5 48. Rxe6 Kxe6 49. Bf2 Nc7 50. Bxa7 Nd5 51. Bd4 g6 52. Kf2 Ne7 53. g4 Nd5 54. h4 Ne7 55. Kg3 Nd5 56. Bc5 Kf6 57. f4 Nc7 58. Kf3 Ne6 59. Bb4 Nd4+ 60. Ke4 Nc6 61. Bc3+ Ke6 62. Be5 Ne7 63. h5 gxh5 64. gxh5 Nf5 65. Bg7 Ng3+ 1/2-1/2